000 00634nam a2200253Ia 4500
003 OSt
005 20220912151544.0
006 a|||||r|||| 00| 0
007 ta
008 220909b |||||||| |||| 00| 0 eng d
024 _a62551
037 _cTextual
040 _aCSL
_beng
_cCSL
041 _aeng
082 _aLz3:(B7:32), L1
100 _aWagner J G
245 0 _aBiopharamaceutics and relevant pharmacokinetics
260 _c1971
300 _a375p.
_ccm.
500 _aBibliography 331-337p
650 _aPharmacology
942 _hLz3:(B7:32), L1
_cTEXL
_2CC
999 _c71210
_d71210